00778nam a2200181 a 4500008004100000020001800041050002500059110004400084245010100128260003900229300001000268350000900278650003800287710001500325995010000340999001700440952013900457080303s2007 ||||||||||||||||| || u a9780821373101 aIBRD-IFC(058)AR/2007 aInternational Finance Corporation (IFC)10aInternational Finance Corporation annual report 2007: an integrated report, creating opportunity aWashington, D.C.bWorld Bankc2007 a168p. a0.00 aINTERNATIONAL FINANCE CORPORATION aWorld Bank D0.00FCBU-MAIN LIBRARY (Kitwe)H1I0.00M1UAVAILABLEWAug 29, 2008ZInternational Publications c47375d47375 00102lcc4070a001b001cInternational Publicationsd2022-11-30l0oIBRD-IFC(058)AR/2007p9780821373101r2022-11-30w2022-11-30y002